Taça de Portugal - Campeões - Statistics

Estatísticas Gerais
  • Esse quiz foi jogado 192 vezes
  • A pontuação média é 25 de 28
Estatísticas das Respostas
Hint Resposta % Correto
16/17 Benfica
99%
13/14 Benfica
99%
03/04 Benfica
99%
95/96 Benfica
99%
19/20 Porto
99%
10/11 Porto
99%
09/10 Porto
99%
08/09 Porto
99%
05/06 Porto
99%
02/03 Porto
99%
00/01 Porto
99%
99/00 Porto
99%
97/98 Porto
99%
93/94 Porto
99%
18/19 Sporting
99%
14/15 Sporting
99%
07/08 Sporting
99%
06/07 Sporting
99%
01/02 Sporting
99%
94/95 Sporting
99%
20/21 Braga
96%
15/16 Braga
96%
96/97 Boavista
65%
17/18 Aves
60%
11/12 Académica
52%
12/13 Vitória de Guimarães
45%
04/05 Vitória de Guimarães
45%
98/99 Beira Mar
44%
Nenhum quiz correspondente encontrado
Distribuição das Pontuações
Porcentagem de Pessoas com Cada Pontuação
Percentil de Números Respondidos
Sua Pontuação Histórica
Você não jogou esse quiz